La privatización de Nicaragua /

Đã lưu trong:
Chi tiết về thư mục
Tác giả chính: Marín, Raúl
Định dạng: Texto
Các nhãn: Thêm thẻ
Không có thẻ, Là người đầu tiên thẻ bản ghi này!

MARC

LEADER 00000 a a2200000 04500
001 45999
003
040
100 |a Marín, Raúl  
245 |a La privatización de Nicaragua /  |c Raúl Marin  
773 |g volumen10, número325 (1990), páginas 6-7  
999 |c 34729  |d 34729